000 00383nam a22001577a 4500
003 SGT
020 _a9789385676161
082 _a515.352,RAI
100 _aRAISINGHANIA M.D.
245 _aORDINARY AND PARTIAL DIFFERENTIAL EQUATIONS
250 _a18TH
260 _aNEW DELHI
_bS.CHAND
_c2016
300 _aV.P.
650 _aORDINARY DIFFERENTIAL EQUATIONS
942 _2ddc
_cBK
_042
999 _c9401
_d9401